000 00275nam a22001217a 4500
008 180803b xxu||||| |||| 00| 0 eng d
082 _a813.52
245 _aOn the Road
_cJack,K
260 _c1955-1957
300 _a8
_fCassette
440 _x9780736646093
942 _2ddc
_cMX
999 _c46760
_d46760